MDQL
is popping MORE tags! Check the
thread
!
Quizzes
Events
Quiz Creation
Community
Videos
Private Events
Remove Ads
Sign In
Join for FREE
Feedback
Dark Mode
Quiz Categories
Sports
Geography
Music
Movies
Television
Just For Fun
Miscellaneous
History
Literature
Language
Science
Gaming
Entertainment
Religion
Holiday
For Kids
Quiz Lab
Recent
Popular Today
Quiz Kudos Today
Editor Picks
Curator Picks
Quizzes by...
Day
Popularity
Type
Ratings
Length
Year
Community
Subscriptions
Recent Discussions
Orange Saloon
Badges
Playlists
Quests
Create
Leaderboards
Showdown
Live 5
Trivia Bingo
Activity
Puzzle Library
Sporcle Events
Private Events
Virtual Trivia
Globe League
Become a Host
Pub Owners
SporcleCon
Opinionation
Our Games
Videos
Blog
Mobile Apps
Partnerships
Remove Ads and Go Orange
Feedback
Sports
Athletes
MLB
NBA
NHL
NFL
Soccer
Sports Teams
WWE
NCAA
Football
Premier League
Basketball
Baseball
Hockey
Golf
Tennis
Cricket
Rugby
Auto Racing
Olympics
World Cup
Sports
Athletes
MLB
NBA
NHL
NFL
Soccer
Sports Teams
WWE
NCAA
Football
Premier League
Basketball
Baseball
Hockey
Golf
Tennis
Cricket
Rugby
Auto Racing
Olympics
World Cup
Random Quiz
Search Sporcle
×
Quiz Lab
Quiz Lab
Sports
UEFA Champions' League
Type in answers that appear in a list
Type in answers that appear in a list
Classic
Best Score? Go Orange.
UEFA Champions League XIs 2011-12 (A-L) Stats
Can you name the UEFA Champions League XIs 2011-12 (A-L)?
By
culverhouse
20m
176 Questions
230 Plays
230 Plays
230 Plays
Comments
Comments
Give Quiz Kudos
Give Quiz Kudos
-
- Ratings
hide this ad
Replay
Link that replays current quiz
Next Quiz
Link to next quiz in quiz playlist
You Got
0%
They Got
Avg Score
43%
Avg Friend Score
Upgrade to see
Score Distribution
Jump to the score distribution portion of the page
Score
0/176
Timer
20:00
0
Plays Today
% Correct
Petr Čech
90.9%
Víctor Valdés
90.4%
Manuel Neuer
90.4%
Lionel Messi
89.6%
Andrés Iniesta
88.7%
Xavi
88.3%
Sergio Busquets
87.8%
Carles Puyol
87.4%
John Terry
87.4%
Philipp Lahm
87%
Didier Drogba
87%
Dani Alves
86.1%
Pedro
84.8%
Jérôme Boateng
84.8%
Ashley Cole
84.3%
Joe Cole
84.3%
Thomas Müller
82.6%
Bruno César
82.6%
Robert Lewandowski
82.6%
Júlio César
82.6%
Franck Ribéry
82.2%
Frank Lampard
82.2%
Francesc Fàbregas
80.9%
Laurent Koscielny
80%
Mario Gómez
79.6%
Mats Hummels
79.6%
Bacary Sagna
79.1%
Per Mertesacker
78.7%
Robin van Persie
77.8%
David Luiz
77.4%
Wojciech Szczęsny
77%
Diego Milito
77%
Javier Mascherano
75.2%
Roman Weidenfeller
74.8%
Éric Abidal
73.9%
Branislav Ivanović
73.9%
Ramires
73.5%
Theo Walcott
73%
David Alaba
72.6%
Mario Götze
72.6%
Javier Zanetti
72.6%
Eden Hazard
72.2%
Marcel Schmelzer
70.4%
Esteban Cambiasso
70.4%
Sidney Sam
69.1%
Lúcio
69.1%
José Bosingwa
68.7%
Toni Kroos
68.3%
Neven Subotić
67.4%
Wesley Sneijder
67%
Lars Bender
65.7%
Sven Bender
65.7%
Stefan Kießling
65.2%
Holger Badstuber
63.9%
Juan Mata
63.9%
Dejan Stanković
63.9%
Łukasz Piszczek
63.5%
Walter Samuel
63%
Bernd Leno
62.6%
% Correct
Siem de Jong
61.7%
Thomas Vermaelen
61.3%
Mikel Arteta
60.9%
Tomáš Rosický
60.4%
Vasili Berezutski
59.6%
Aleksei Berezutski
59.6%
Cristian Chivu
59.6%
Shinji Kagawa
58.7%
Fabian Frei
57.4%
Alexander Frei
57.4%
Alex Song
55.7%
Raúl Meireles
55.7%
Luisão
54.8%
Christian Eriksen
53.9%
Kevin Großkreutz
53.9%
Sergei Ignashevich
53%
Jan Vertonghen
51.7%
Toby Alderweireld
50.9%
Sebastian Kehl
50.9%
Granit Xhaka
48.7%
Xherdan Shaqiri
48.7%
Óscar Cardozo
48.7%
Alan Dzagoev
47%
Kenneth Vermeer
46.5%
Vágner Love
45.7%
Yann Sommer
44.8%
Michael Ballack
44.3%
Park Joo-ho
43.5%
Maxi Pereira
43.5%
Gregory van der Wiel
42.6%
André Santos
42.6%
Luiz Gustavo
42.2%
Domagoj Vida
42.2%
Marco Streller
40.9%
Gonzalo Castro
37.8%
Nicolás Gaitán
37.8%
Mathieu Debuchy
37.4%
Rio Mavuba
37%
Ömer Toprak
36.1%
Simon Rolfes
36.1%
Seydou Doumbia
34.8%
Yuto Nagatomo
34.8%
Moussa Sow
34.8%
Anatoliy Tymoshchuk
34.3%
Mickaël Landreau
32.6%
André Schürrle
31.7%
Vurnon Anita
30.9%
Mateo Kovačić
28.7%
Kevin De Bruyne
27.8%
Miralem Sulejmani
27%
Eyong Enoh
26.1%
Ezequiel Garay
25.7%
Pablo Aimar
25.7%
Axel Witsel
25.2%
Javi García
23.9%
Aurélien Chedjou
23.9%
Florent Balmont
23.5%
Stefan Reinartz
20.9%
Artur Moraes
20.9%
% Correct
Franck Béria
20.9%
Zoran Tošić
20%
Benjamin Huggel
19.6%
Michal Kadlec
19.6%
Evgeni Aldonin
19.1%
Jelle Vossen
19.1%
Aleksandar Dragović
18.7%
Marko Baša
18.7%
Mauro Zárate
17.8%
Benoît Pedretti
17.4%
Vladimir Gabulov
17%
Milan Badelj
16.1%
Derk Boerrigter
15.7%
Nuno Morais
15.2%
Theo Janssen
14.8%
Aílton
14.3%
Sammir
14.3%
Manduca
13.9%
Kiriil Nababkin
13.9%
David Abraham
13.5%
Dionisis Chiotis
13%
Hélio Pinto
12.6%
Tonel
12.6%
Pavel Mamayev
11.7%
Ivan Kelava
11.7%
Mateja Kežman
10.4%
Emerson
10.4%
Jerko Leko
10.4%
Anthony Vanden Borre
10.4%
Marko Simić
9.6%
Costas Charalambides
9.1%
Ante Rukavina
9.1%
Paulo Jorge
8.7%
Luis Ibáñez
8.7%
Thomas Buffel
8.7%
Savvas Poursaitidis
7.4%
Ivan Tričkovski
7.4%
Egor Filipenko
7.4%
Renan Bressan
7.4%
Adrián Calello
7.4%
László Köteles
7.4%
Marcelo Oliveira
7%
Markus Steinhöfer
6.5%
Fatos Bećiraj
5.7%
Anele Ngcongca
5.7%
Dzmitry Likhtarovich
5.2%
Dániel Tőzsér
5.2%
Boaventura
4.8%
Alyaksandr Hutar
4.3%
Alyaksandr Valadzko
4.3%
Daniel Pudil
4.3%
Dzmitry Baha
3.9%
Maksim Bardachow
3.5%
Nadson
3.5%
Artem Kontsevoy
3%
Fabien Camus
3%
Alyaksandr Yurevich
2.6%
Khaleem Hyland
2.2%
Quiz Playlist
Details
Report
Send in Message
Add To Playlist
Classic:
Type in answers that appear in a list
Quiz Source
Last Updated: Jul 24, 2021
Quiz Scoreboard
CHALLENGE
Sign Up to Join the Scoreboard
Show All
Scores
Hide
Comments
May contain spoilers
Recently Published
Two Season TV Shows II
by 123Four
Television
10m
Image Sorting: Flags VI
by Barbecue
Geography
2m
Find the 'City' Movie
by crazypaving
Movies
60s
More to Explore
Quiz From the Vault
Featured Blog Post
14 Easter Pick-up Lines to Find Eggs With
hide this ad
You Might Also Like...
Tags
2011
2012
UEFA Champions' League
UEFA Champions' League XIs
Today's Top Quizzes in Sports
Browse Sports
hide this ad
Today's Top Quizzes in UEFA Champions' League
Browse UEFA Champions' League
Top Contributed Quizzes in Sports
1
Les meilleurs buteurs des matchs entre le PSG et l’OM
2
Les entraîneurs de l'OM et du PSG au 21e siècle
3
2022 World Cup Stars
4
Les joueurs passés par le PSG et l'OM
5
Players with Multiple 50 Home Run Seasons
6
FIFA Club World Cup Champions
7
Criteria MLB: Left Handed Sluggers
8
Les joueurs passés par le LOSC et le RC Lens
9
Top 10 NHL Goal Scorers of All Time
10
MLB Players with Two .350 Batting Average Seasons
Explore More
Trending Topics
NBA
Marvel
Disney
Harry Potter
Kpop
Crossword
Anime
WWE
NFL
Pokémon
Puzzle
The Office
Soccer
Song
Country
hide this ad
More By:
culverhouse
Quiz
Plays
Rating
Category
Featured
Created
Top XIs: Scotland (1980s/1990s)
7,011
5.00
Sports
Apr 1, 2016
FA Premier League XIs 2016-17
6,452
4.70
Sports
May 23, 2017
Top XIs: Liverpool (1980s)
6,070
5.00
Sports
Jul 1, 2016
Top XIs: Manchester United (1980s)
5,953
5.00
Sports
Jul 1, 2016
UEFA Champions League last 16 XIs 2018-19
5,531
4.89
Sports
Jun 1, 2019
Go to Creator's Profile
Score Distribution
Quiz Creator Spotlight
culverhouse
Follow
Send a Message
Quizzes Created
-
Created Quiz Play Count
-
More By This Creator
Popular Quizzes Today
1
Find the US States - No Outlines Minefield
2
Colored Red Africa Blitz
3
Find the 'City' Movie
4
5x2 Blitz: Bands
5
The Countries of the World
6
Find the Countries of Europe - No Outlines Minefield
7
Find the US States
8
US States
More Sports Quizzes
Premier League XI: Manchester United 1998/99
Quiz Lab
Trending Quizzes
Colored Red Europe Blitz I
Colored Red Africa Blitz II
Colored Red Europe Blitz II
Colored Red Africa Blitz III
Colored Red Europe Blitz III
Recently Updated
How Do You Spell That?
pecheneg
Godzilla Movies
pecheneg
Grab Bag: 4-10 Letters
pecheneg
2024 March Madness Bracket
pecheneg
Famous TV Couples
Peacemaker
Champions League XIs: Real Madrid
pecheneg
Largest US Cities 1790-2010
pecheneg
Rides in Walt Disney World
pecheneg
Most Oscar Losses (Acting)
pecheneg
Beyoncé Albums
pecheneg
Trending Topics
Marvel
Anime
Disney
Kpop
Harry Potter
Crossword
NBA
Country
The Office
Pokémon
Song
NFL
WWE
Puzzle
Soccer
Your Account Isn't Verified!
In order to create a playlist on Sporcle, you need to verify the email address you used during registration. Go to your
Sporcle Settings
to finish the process.
Report this User
Report this user for behavior that violates our
Community Guidelines
.
Details:
Send Report
Go to the Sporcle.com Mobile Site →
Comments